00777cam a22002291a 4500001001300000003000400013005001700017008004100034010001700075035001800092040002300110042001200133043001200145050001700157110003100174245007800205260006500283300002900348650005400377740009900431999001700530sa 68019025 DLC20260227112716.0731024s1968 io 100 0 indd  asa 68019025  a(OCoLC)726728 aDLCcOAUdOAUdDLC apremarc aa-io---00aZ460.7b.I352 aIkatan Penerbit Indonesia.10aBuku Kongres ke-VI IKAPI O.P.S. Penerbitan Tretes tanggal 13-17 Mei 1968. a[Djakarta] :bPengurus Umum IKAPI O.P.S. Penerbitan,c[1968] a139, 63 leaves ;c32 cm. 0aPublishers and publishingzIndonesiavCongresses.0 aBuku Kongres keenam Ikatan Penerbit Indonesia O.P.S. Penerbitan Tretes tanggal 13-17 Mei 1968. c88778d88778